| 000 | 00000nas 2200000za 4500 |
| 001 | 9.500534 |
| 003 | CaOODSP |
| 005 | 20221107132900 |
| 007 | cr ||||||||||| |
| 008 | 150406c19969999onc|x p o||||f0 b0fre|d |
| 022 | |a1498-5772 |
| 040 | |aCaOODSP|bfre |
| 041 | |afre|aeng |
| 043 | |an-cn--- |
| 086 | 1 |aYC13-PDF |
| 110 | 1 |aCanada. |bParlement. |bSénat. |bComité sénatorial permanent des finances nationales. |
| 210 | 0 |aDélib. Com. sénat. perm. financ. natl. |b(En ligne) |
| 240 | 10|aDélibérations du Comité sénatorial permanent des finances nationales (En ligne) |
| 245 | 10|aProceedings of the Standing Senate Committee on National Finance |h[ressource électronique] = |bDélibérations du Comité sénatorial permanent des finances nationales. |
| 246 | 11|aDélibérations du Comité sénatorial permanent des finances nationales |
| 246 | 13|aAffaires étrangères, délibérations du comité |
| 260 | |a[Ottawa] : |bParlement du Canada, Sénat, |c[1996]- |
| 310 | |aIrrégulier |
| 362 | 1 |a35e législature, 2e session, fascicule n° 1 (20/21 mars 1996) -- |
| 515 | |aLa numérotation reprend à chaque session au fascicule n° 1. |
| 530 | |aÉgalement publ. en version imprimée. |
| 546 | |aTexte en anglais et en français. |
| 791 | |tProceedings of the Standing Senate Committee on National Finance |eeng|w(CaOODSP)9.500533 |